|
|
|
|
| LEADER |
00000nam0a2200000 4500 |
| 001 |
105233 |
| 005 |
20231031114340.0 |
| 010 |
|
|
|a 5050018544
|
| 035 |
|
|
|a (RuTPU)RU\TPU\book\113522
|
| 035 |
|
|
|a RU\TPU\book\101484
|
| 090 |
|
|
|a 105233
|
| 100 |
|
|
|a 20061114d1988 m y0rusy5003 ca
|
| 101 |
1 |
|
|a rus
|c eng
|
| 102 |
|
|
|a RU
|
| 105 |
|
|
|a a z 000gy
|
| 200 |
1 |
|
|a Стихотворения
|e на англ. языке с параллельным русским текстом
|f Э. А. По
|
| 210 |
|
|
|a Москва
|c Радуга
|d 1988
|
| 215 |
|
|
|a 416 с.
|
| 610 |
1 |
|
|a американская литература
|
| 610 |
1 |
|
|a стихотворения
|
| 675 |
|
|
|a 82
|v 3
|
| 700 |
|
1 |
|a По
|b Э. А.
|c американский писатель-романтик
|c критик
|f 1809-1849
|g Эдгар Аллан
|2 stltpush
|3 (RuTPU)RU\TPU\pers\10703
|
| 801 |
|
0 |
|a RU
|b RuMRKP
|c 19950704
|g psbo
|
| 801 |
|
1 |
|a RU
|b 63413507
|c 20060214
|g PSBO
|
| 801 |
|
2 |
|a RU
|b 63413507
|c 20090617
|g PSBO
|
| 942 |
|
|
|c BK
|